| 000 | 00577nam a2200181 i 4500 | ||
|---|---|---|---|
| 001 | 78313 | ||
| 003 | ES-MaACL | ||
| 005 | 20230906173643.0 | ||
| 007 | t| | ||
| 008 | 041013s1973 sp ||||1| spa d | ||
| 100 | 1 |
_aHardwick, Michael. _961824 |
|
| 245 | 1 | 3 |
_aLa vida privada de Sherlock Holmes / _cMichael y Molly Hardwick ; [traducción de Ramón Margalef Llambrich]. |
| 260 |
_a[Barcelona] : _bMolino, _c[1973] |
||
| 300 |
_a215 p. ; _c21 cm. |
||
| 700 | 1 |
_aHardwick, Molly. _961825 |
|
| 700 | 1 |
_aMargalef Llambrich, Ramón. _976609 |
|
| 852 |
_aES-MaACL _jC-52435 _bR.85877 |
||
| 999 |
_c78313 _d78313 |
||